000
00214nam a22000857a 4500
008
160624b xxu||||| |||| 00| 0 eng d
100
_9
1081
_a
Expery, A.S
245
_a
The Little Prince
260
_a
N.Y
_b
N.B.J. Books
_c
1971
999
_c
867
_d
867